000 01162nam a2200265Ia 4500
001 220.6-MES sa (776)
003 IT-MiSPE
008 171229s9999||||xx |||||||||||||| ||und||
040 _aIT-MiSPE
_cIT-MiSPE
041 _aITALIANO
100 _aEmanuele Testa
245 0 _aIl messaggio della salvezza
_bIV. Profetismo, profeti e apocalittica
250 _a5a ed.
260 _aLeumann (TO)
_bLDC
_c1985
300 _a696 p. [9 v.]
_c24 cm
490 _a Corso completo di studi biblici
_v4
500 _aBibbia AT. Libri profetici; Bibbia. AT. - Apocalittica
501 _aEdizioni San Paolo srl - Piazza Soncino, 5 - 20092 CINISELLO BALSAMO (MI) (non commercial uses only) ® Copyright 2018
520 _aFranco Festorazzi (dir.)
700 _aBenito Marconcini
700 _aFranco Festorazzi
942 _cBK
957 _71
999 _a7060
_bNO
_g Copie: 1
_c338082
_d338082